Normal view MARC view
  • Elaj -e-Nabvi

Entry Topical Term

Number of records used in: 1

001 - CONTROL NUMBER

  • control field: 88347

003 - CONTROL NUMBER IDENTIFIER

  • control field: NUST

005 - DATE AND TIME OF LATEST TRANSACTION

  • control field: 20220113101849.0

008 - FIXED-LENGTH DATA ELEMENTS

  • fixed length control field: 220113|| aca||aabn | a|a d

040 ## - CATALOGING SOURCE

  • Original cataloging agency: NUST
  • Transcribing agency: NUST

150 ## - HEADING--TOPICAL TERM

  • Topical term or geographic name entry element: Elaj -e-Nabvi

670 ## - SOURCE DATA FOUND

  • Source citation: Work cat.: (NUST): Dr Khalid Ghaznavi 88346, Tib E Nabvi Aur Jadeed Science Vol 2, 2018.
© 2023 Central Library, National University of Sciences and Technology. All Rights Reserved.